[Event "Europa ch 2012 femenino"]
[Site "Gaziantep TUR"]
[Date "2012.03.05"]
[Round "4.5"]
[White "Khotenashvili, Bela"]
[Black "Vojinovic, Jovana"]
[Result "1-0"]
[PlyCount "137"]
[EventDate "2012.03.02"]
[EventType "swiss"]
[EventRounds "11"]
[EventCountry "TUR"]
[Source "lmi"]
[SourceDate "2012.03.02"]
[WhiteElo "2490"]
[BlackElo "2356"]

1. d4 Nf6 2. c4 g6 3. g3 Bg7 4. Bg2 d5 5. cxd5 Nxd5 6. Nf3 O-O 7. O-O Nc6 8.
Nc3 Nb6 9. d5 Na5 10. e4 c6 11. Bg5 cxd5 12. exd5 h6 13. Bf4 Nac4 14. b3 g5 15.
bxc4 gxf4 16. Qd3 Qc7 17. Nd2 Nd7 18. Rac1 Nc5 19. Qc2 Bg4 20. Rfe1 Rae8 21.
Nce4 b6 22. Nxc5 bxc5 23. Bf3 Bc8 24. Nb3 e6 25. Qd2 fxg3 26. hxg3 Rd8 27. Qa5
Qxa5 28. Nxa5 Bd7 29. Nb3 Rc8 30. Bg4 Rfe8 31. Rcd1 Rc7 32. dxe6 Bxe6 33. Bxe6
Rxe6 34. Rd8+ Bf8 35. Rxe6 fxe6 36. Na5 Kf7 37. Kg2 Bg7 38. Kf3 Bc3 39. Nb3 Ke7
40. Ra8 Kd6 41. Ke3 Rg7 42. Rd8+ Kc7 43. Rd1 Rg5 44. Kd3 Rg7 45. Ke3 Rg5 46.
Kd3 Bg7 47. Re1 Kd6 48. Nd2 Rf5 49. f4 Rh5 50. Nf3 Rf5 51. Ke4 Rf8 52. Rb1 Kc6
53. g4 Bd4 54. Rh1 Rf6 55. g5 hxg5 56. fxg5 Rg6 57. Rh6 Rxh6 58. gxh6 Bh8 59.
Ng5 Bf6 60. h7 e5 61. Nf7 Kb6 62. Nxe5 Ka5 63. Nd7 Bh8 64. Nxc5 Kb4 65. Kd5 a5
66. Nd7 a4 67. c5 Kb5 68. c6 Ka6 69. Ne5 1-0

[Event "Europa ch 2012 femenino"]
[Site "Gaziantep TUR"]
[Date "2012.03.05"]
[Round "4.7"]
[White "Javakhishvili, Lela"]
[Black "Kharmunova, Nadejda"]
[Result "1-0"]
[PlyCount "101"]
[EventDate "2012.03.02"]
[EventType "swiss"]
[EventRounds "11"]
[EventCountry "TUR"]
[Source "lmi"]
[SourceDate "2012.03.02"]
[WhiteElo "2448"]
[BlackElo "2191"]

1. d4 d5 2. c4 e6 3. Nc3 Be7 4. cxd5 exd5 5. Bf4 Nf6 6. e3 O-O 7. Bd3 a6 8. Qc2
c5 9. dxc5 Nc6 10. Nge2 Nb4 11. Qd2 Nxd3+ 12. Qxd3 Bxc5 13. O-O Be6 14. Bg5 Be7
15. Nf4 Rc8 16. Rfd1 b5 17. Rab1 Nh5 18. Nxh5 Bxg5 19. Qd4 Bf6 20. Nxf6+ Qxf6
21. Qxf6 gxf6 22. a3 Rc5 23. Ne2 b4 24. axb4 Rb5 25. Rd4 Rfb8 26. b3 Bf5 27.
Rb2 Rxb4 28. Rxb4 Rxb4 29. Nd4 Bd7 30. Ra2 Rb6 31. Ra5 Kf8 32. h3 Be6 33. Rc5
Ke7 34. Rc7+ Kd6 35. Ra7 Kc5 36. Ra8 Kb4 37. Rh8 Kc3 38. Rxh7 Rxb3 39. Nxb3
Kxb3 40. Rh8 a5 41. Rd8 Kc3 42. Ra8 Kb4 43. Kf1 a4 44. Ke2 a3 45. Kd2 Bf5 46.
Ra7 Kb3 47. Rb7+ Kc4 48. Rxf7 a2 49. Ra7 Kb3 50. Kc1 Bb1 51. Rb7+ 1-0

[Event "Europa ch 2012 femenino"]
[Site "Gaziantep TUR"]
[Date "2012.03.05"]
[Round "4.8"]
[White "Arabidze, Meri"]
[Black "Romanko, Marina"]
[Result "1-0"]
[PlyCount "89"]
[EventDate "2012.03.02"]
[EventType "swiss"]
[EventRounds "11"]
[EventCountry "TUR"]
[Source "lmi"]
[SourceDate "2012.03.02"]
[WhiteElo "2337"]
[BlackElo "2417"]

1. d4 d5 2. c4 c6 3. Nf3 Nf6 4. e3 Bf5 5. Nc3 e6 6. Nh4 Be4 7. f3 Bg6 8. Qb3
Qb6 9. Nxg6 hxg6 10. Kf2 Nbd7 11. g3 Be7 12. Kg2 O-O 13. Bd2 c5 14. Na4 Qc7 15.
cxd5 exd5 16. Nc3 c4 17. Qc2 Qc6 18. a4 Bb4 19. Be2 Rfe8 20. Rhc1 a6 21. a5 b5
22. axb6 a5 23. g4 Nxb6 24. h4 a4 25. Rh1 a3 26. bxa3 Rxa3 27. Rxa3 Bxa3 28. h5
gxh5 29. g5 Nh7 30. f4 g6 31. Rb1 Bd6 32. Bf3 Bc7 33. Rb5 Rd8 34. Qb1 Rd6 35.
Rc5 Qd7 36. Nb5 Rc6 37. Nxc7 Qxc7 38. Ba5 c3 39. Bd1 Nxg5 40. Rxc6 Qxc6 41.
Bxb6 Ne4 42. Bd8 Qc4 43. Bh4 Nd2 44. Qb8+ Kg7 45. Bf6+ 1-0

[Event "Europa ch 2012 femenino"]
[Site "Gaziantep TUR"]
[Date "2012.03.05"]
[Round "4.10"]
[White "Goryachkina, Aleksandra"]
[Black "Paehtz, Elisabeth"]
[Result "1/2-1/2"]
[PlyCount "96"]
[EventDate "2012.03.02"]
[EventType "swiss"]
[EventRounds "11"]
[EventCountry "TUR"]
[Source "lmi"]
[SourceDate "2012.03.02"]
[WhiteElo "2341"]
[BlackElo "2459"]

1. d4 e6 2. c4 Bb4+ 3. Bd2 Qe7 4. g3 Nf6 5. Bg2 O-O 6. Nc3 d5 7. a3 Bxc3 8.
Bxc3 Rd8 9. Nf3 dxc4 10. Qa4 Bd7 11. Qxc4 Bc6 12. O-O Bd5 13. Qa4 Nbd7 14. Rac1
c6 15. Nd2 Nb6 16. Qc2 Bxg2 17. Kxg2 Nbd5 18. Nb3 Nxc3 19. bxc3 e5 20. a4 b6
21. Rfe1 c5 22. dxe5 Qxe5 23. e4 Qe6 24. Nd2 Rd7 25. Nf3 Nh5 26. h3 Rad8 27.
Rcd1 g6 28. e5 Qc6 29. Rxd7 Qxd7 30. Ng5 Ng7 31. Ne4 Qc6 32. Kg1 Ne6 33. Nf6+
Kg7 34. h4 Qf3 35. Qc1 h6 36. Qb2 g5 37. Qc2 Qd3 38. Qxd3 Rxd3 39. Ne4 gxh4 40.
gxh4 Nf4 41. a5 bxa5 42. Ra1 Rd5 43. Rxa5 Rxe5 44. f3 Ng6 45. Kf2 Nxh4 46. Kg3
Ng6 47. Rxa7 Rf5 48. Nd6 Rf4 1/2-1/2

[Event "Europa ch 2012 femenino"]
[Site "Gaziantep TUR"]
[Date "2012.03.05"]
[Round "4.12"]
[White "Gaponenko, Inna"]
[Black "Rakic, Marija"]
[Result "1/2-1/2"]
[PlyCount "104"]
[EventDate "2012.03.02"]
[EventType "swiss"]
[EventRounds "11"]
[EventCountry "TUR"]
[Source "lmi"]
[SourceDate "2012.03.02"]
[WhiteElo "2416"]
[BlackElo "2270"]

1. e4 g6 2. d4 Bg7 3. Nc3 c6 4. h3 d6 5. Nf3 Nf6 6. Be3 Qa5 7. Bd3 O-O 8. O-O
e5 9. Qd2 Re8 10. Rfe1 Nbd7 11. Rad1 Qc7 12. Bh6 Bh8 13. Bf1 b5 14. dxe5 dxe5
15. Qd6 Qxd6 16. Rxd6 Bb7 17. Nd2 Nc5 18. b4 Ne6 19. Nb3 Red8 20. Red1 Rxd6 21.
Rxd6 Rd8 22. Rxd8+ Nxd8 23. Nc5 Bc8 24. a4 a6 25. axb5 axb5 26. Nb1 Ne6 27.
Nxe6 Bxe6 28. Nd2 Bg7 29. Bxg7 Kxg7 30. c4 bxc4 31. Bxc4 Bxc4 32. Nxc4 Nd7 33.
f3 Kf6 34. Na5 Nb8 35. Kf2 Ke6 36. Ke3 Kd6 37. Nc4+ Ke6 38. Na5 Kd6 39. Nc4+
Ke6 40. Na5 Kd6 41. Nb7+ Kc7 42. Nc5 Nd7 43. Nxd7 Kxd7 44. Kd3 Kc7 45. h4 f6
46. Kc4 Kb6 47. g3 h6 48. g4 g5 49. h5 Kb7 50. Kc5 Kc7 51. b5 cxb5 52. Kxb5 Kb7
1/2-1/2

[Event "Europa ch 2012 femenino"]
[Site "Gaziantep TUR"]
[Date "2012.03.05"]
[Round "4.13"]
[White "Videnova, Iva"]
[Black "Repkova, Eva"]
[Result "1/2-1/2"]
[PlyCount "85"]
[EventDate "2012.03.02"]
[EventType "swiss"]
[EventRounds "11"]
[EventCountry "TUR"]
[Source "lmi"]
[SourceDate "2012.03.02"]
[WhiteElo "2301"]
[BlackElo "2416"]

1. e4 e6 2. d4 d5 3. Nc3 Nf6 4. e5 Nfd7 5. f4 c5 6. Nf3 Nc6 7. Be3 a6 8. Qd2 b5
9. a3 Qb6 10. Ne2 Qc7 11. Ng3 Be7 12. Be2 Bb7 13. O-O O-O 14. c3 Na5 15. Qc2
Rac8 16. Kh1 Nc4 17. Bg1 b4 18. dxc5 Bxc5 19. axb4 Ne3 20. Bxe3 Bxe3 21. Ng5 g6
22. Qd3 Qb6 23. Rf3 Bf2 24. Rf1 Bxg3 25. Rxg3 Kg7 26. Rh3 h6 27. Rxh6 Rh8 28.
Rxh8 Rxh8 29. Nf3 Qd8 30. Qd4 Nb8 31. Ra1 Nc6 32. Qc5 d4 33. cxd4 Ne7 34. Ng5
Rh4 35. Bf3 Bxf3 36. Nxf3 Rxf4 37. Rxa6 Nf5 38. Rc6 Qh4 39. Rc8 Ne7 40. Kg1
Rxf3 41. gxf3 Qe1+ 42. Kg2 Qe2+ 43. Kg1 1/2-1/2

[Event "Europa ch 2012 femenino"]
[Site "Gaziantep TUR"]
[Date "2012.03.05"]
[Round "4.17"]
[White "Charochkina, Daria"]
[Black "Foisor, Mihaela-Veronica"]
[Result "1-0"]
[PlyCount "75"]
[EventDate "2012.03.02"]
[EventType "swiss"]
[EventRounds "11"]
[EventCountry "TUR"]
[Source "lmi"]
[SourceDate "2012.03.02"]
[WhiteElo "2371"]
[BlackElo "2242"]

1. e4 Nf6 2. e5 Nd5 3. d4 d6 4. c4 Nb6 5. exd6 cxd6 6. d5 e5 7. Nc3 Be7 8. Be2
O-O 9. Nf3 N8d7 10. O-O f5 11. Ne1 f4 12. b4 Nf6 13. a4 a5 14. bxa5 Rxa5 15.
Nb5 Ne4 16. Nd3 Bd7 17. Qb3 Bxb5 18. cxb5 Qc8 19. Nb2 Qc3 20. Qd1 Rfa8 21. Bd3
Nc5 22. Bc2 R5a7 23. Ra2 Nc4 24. Qe2 Na3 25. Nd1 Qc4 26. Bxh7+ Kxh7 27. Qh5+
Kg8 28. Rxa3 Qxc1 29. Rh3 Qc2 30. Ne3 fxe3 31. fxe3 Bf6 32. Rxf6 Qb1+ 33. Rf1
Qxf1+ 34. Kxf1 Rf8+ 35. Kg1 e4 36. Rh4 b6 37. Qh8+ Kf7 38. Rf4+ 1-0

[Event "Europa ch 2012 femenino"]
[Site "Gaziantep TUR"]
[Date "2012.03.05"]
[Round "4.19"]
[White "Bulmaga, Irina"]
[Black "Bezgodova, Maria"]
[Result "1/2-1/2"]
[PlyCount "171"]
[EventDate "2012.03.02"]
[EventType "swiss"]
[EventRounds "11"]
[EventCountry "TUR"]
[Source "lmi"]
[SourceDate "2012.03.02"]
[WhiteElo "2307"]
[BlackElo "2200"]

1. e4 e5 2. Nf3 Nc6 3. Bb5 Nf6 4. O-O Nxe4 5. d4 Nd6 6. Bxc6 dxc6 7. dxe5 Nf5
8. Qxd8+ Kxd8 9. h3 h5 10. Nc3 Ke8 11. a3 Be7 12. Bf4 Be6 13. Rfe1 Rd8 14. Rad1
b6 15. Ne4 Rxd1 16. Rxd1 Bd5 17. Re1 Kd7 18. e6+ fxe6 19. Ne5+ Kc8 20. Ng6 Re8
21. Nd2 c5 22. c4 Bc6 23. Rxe6 Bd6 24. Rxe8+ Bxe8 25. Ne5 Nd4 26. Bh2 Kd8 27.
Nd3 Ne2+ 28. Kh1 Ke7 29. h4 Ke6 30. Ne1 Bg6 31. Nef3 a6 32. Ng5+ Kf5 33. g3 Be5
34. b3 Bb2 35. a4 Bc1 36. Ngf3 Nd4 37. Kg2 Ke6 38. Ng5+ Ke7 39. Ndf3 Nxf3 40.
Kxf3 Bc2 41. g4 Kd7 42. Be5 hxg4+ 43. Kxg4 g6 44. Nh7 Kc6 45. f4 Bxb3 46. Nf8
Bxc4 47. Nxg6 Kd7 48. h5 Bg8 49. h6 Ke8 50. Kf5 Kf7 51. Nh8+ Kf8 52. Kg6 c4 53.
h7 Bxh7+ 54. Kxh7 Bd2 55. f5 c3 56. Bg7+ Ke8 57. f6 c2 58. f7+ Kd7 59. f8=Q
c1=Q 60. Qf5+ Kc6 61. Qe4+ Kd7 62. Qd5+ Kc8 63. Qa8+ Kd7 64. Ng6 Qc2 65. Qxa6
Qf5 66. Bh6 Qf7+ 67. Bg7 Qf5 68. Qe2 Qh3+ 69. Kg8 Qb3+ 70. Kf8 Bb4+ 71. Ne7 Bd6
72. Qe4 Bxe7+ 73. Qxe7+ Kc8 74. Qe4 Qa3+ 75. Ke8 Kb8 76. Be5 Qc5 77. Kd7 Qc1
78. Qd5 Qc2 79. Kd8 Qc5 80. Qe4 Qf8+ 81. Kd7 Qf7+ 82. Kc6 Qe8+ 83. Kd5 Qd7+ 84.
Kc4 Qxa4+ 85. Kd3 Qxe4+ 86. Kxe4 1/2-1/2

[Event "Europa ch 2012 femenino"]
[Site "Gaziantep TUR"]
[Date "2012.03.05"]
[Round "4.20"]
[White "Umudova, Nargiz"]
[Black "Kosintseva, Nadezhda"]
[Result "1/2-1/2"]
[PlyCount "98"]
[EventDate "2012.03.02"]
[EventType "swiss"]
[EventRounds "11"]
[EventCountry "TUR"]
[Source "lmi"]
[SourceDate "2012.03.02"]
[WhiteElo "2220"]
[BlackElo "2535"]

1. e4 e5 2. Nf3 Nc6 3. Bb5 a6 4. Ba4 Nf6 5. d3 d6 6. c3 g6 7. O-O Bg7 8. Bxc6+
bxc6 9. d4 exd4 10. cxd4 O-O 11. Nc3 h6 12. Re1 Kh7 13. h3 Rb8 14. Qa4 Bb7 15.
Bd2 Nd7 16. Rad1 c5 17. Be3 cxd4 18. Bxd4 f6 19. Nd5 Ne5 20. Re3 c6 21. Nf4 Qe7
22. Bc3 Nxf3+ 23. Rxf3 Rfe8 24. Re3 Rbd8 25. Qc2 Qf7 26. Rg3 c5 27. Nd5 Re6 28.
Ba5 Rf8 29. Rb3 Re5 30. Rb6 Bxd5 31. exd5 Rxd5 32. Rxd6 Rxd1+ 33. Qxd1 Qxa2 34.
Bc3 Rf7 35. Qe2 a5 36. Ra6 a4 37. Qe8 Rf8 38. Qd7 Rf7 39. Qe8 Rf8 40. Qd7 Rf7
41. Qe8 Qb1+ 42. Kh2 Qd3 43. Qxa4 Qf1 44. Qb3 Qxa6 45. Qxf7 Qd6+ 46. Kg1 Qd1+
47. Kh2 Qd6+ 48. Kg1 Qd1+ 49. Kh2 Qd6+ 1/2-1/2

[Event "Europa ch 2012 femenino"]
[Site "Gaziantep TUR"]
[Date "2012.03.05"]
[Round "4.21"]
[White "Zhukova, Natalia"]
[Black "Isgandarova, Khayala"]
[Result "1-0"]
[PlyCount "65"]
[EventDate "2012.03.02"]
[EventType "swiss"]
[EventRounds "11"]
[EventCountry "TUR"]
[Source "lmi"]
[SourceDate "2012.03.02"]
[WhiteElo "2435"]
[BlackElo "2203"]

1. e4 c6 2. c4 d5 3. exd5 cxd5 4. cxd5 Nf6 5. Nc3 g6 6. Bc4 Bg7 7. Nf3 Nbd7 8.
d3 O-O 9. O-O Nb6 10. Qb3 Ne8 11. a4 Nd6 12. a5 Nd7 13. Be3 Ne5 14. Nxe5 Bxe5
15. Nb5 a6 16. Nxd6 exd6 17. d4 Bg7 18. Qb4 Qf6 19. Rac1 h5 20. h4 Re8 21. Bg5
Qxd4 22. Qxd6 Be5 23. Qb4 f6 24. Be3 Qxh4 25. f4 Bb8 26. d6+ Kg7 27. Bb6 Bd7
28. Bd5 g5 29. Bf2 Ba7 30. Bxa7 Rxa7 31. Rc7 g4 32. Rxd7+ Kh8 33. f5 1-0

[Event "Europa ch 2012 femenino"]
[Site "Gaziantep TUR"]
[Date "2012.03.05"]
[Round "4.22"]
[White "Shaydullina, Sandugach"]
[Black "Szczepkowska-Horowska, Karina"]
[Result "0-1"]
[PlyCount "122"]
[EventDate "2012.03.02"]
[EventType "swiss"]
[EventRounds "11"]
[EventCountry "TUR"]
[Source "lmi"]
[SourceDate "2012.03.02"]
[WhiteElo "2197"]
[BlackElo "2369"]

1. d4 d6 2. Nf3 Nf6 3. c4 Nbd7 4. Nc3 e5 5. e4 g6 6. g3 Bg7 7. Bg2 O-O 8. O-O
c6 9. h3 a6 10. Qc2 b5 11. Rd1 Qc7 12. c5 dxc5 13. dxe5 Ne8 14. Be3 c4 15. Rd2
Nxe5 16. Bc5 Nxf3+ 17. Bxf3 Bxh3 18. Bxf8 Kxf8 19. a4 Rb8 20. axb5 axb5 21. Ne2
h5 22. Kh2 Bc8 23. Kg2 Bh6 24. Rdd1 Ng7 25. Qc3 Kg8 26. e5 c5 27. Rd6 Ne6 28.
Rh1 Qe7 29. Bd5 Bg7 30. Qe3 Nc7 31. Qxc5 Nxd5 32. Rxd5 Qe8 33. f3 Bb7 34. Rd2
Qxe5 35. Qxe5 Bxe5 36. Ra1 g5 37. Kf2 Bc7 38. f4 gxf4 39. Nxf4 h4 40. Rd7 Bb6+
41. Kf1 hxg3 42. Ra3 Bf2 43. Nh3 b4 44. Ra5 Be3 45. Re5 Bc1 46. Ke1 Bg2 47. Ng5
Bc6 48. Ra7 Bxb2 49. Rf5 Bc3+ 50. Kd1 g2 51. Nh3 Rd8+ 52. Kc1 Bd2+ 53. Kb2 c3+
54. Kb3 c2 55. Rc5 c1=Q 56. Rxc1 Bxc1 57. Kc4 Bd7 58. Ng1 Be3 59. Ra1 Bxg1 60.
Rxg1 Bh3 61. Kxb4 f5 0-1

[Event "Europa ch 2012 femenino"]
[Site "Gaziantep TUR"]
[Date "2012.03.05"]
[Round "4.23"]
[White "Mikadze, Miranda"]
[Black "Olsarova, Karolina"]
[Result "1-0"]
[PlyCount "91"]
[EventDate "2012.03.02"]
[EventType "swiss"]
[EventRounds "11"]
[EventCountry "TUR"]
[Source "lmi"]
[SourceDate "2012.03.02"]
[WhiteElo "2329"]
[BlackElo "2189"]

1. d4 d5 2. Nf3 Nf6 3. Bf4 c6 4. e3 Bf5 5. c4 e6 6. Nc3 Nbd7 7. Qb3 Qb6 8. h3
dxc4 9. Bxc4 Qxb3 10. Bxb3 h6 11. Ke2 Bb4 12. g4 Bh7 13. Rac1 Ke7 14. Nd2 Nb6
15. a3 Bd6 16. Bxd6+ Kxd6 17. e4 Ke7 18. Ke3 Nfd7 19. h4 f6 20. f4 Rac8 21. a4
c5 22. d5 exd5 23. Bxd5 Nxd5+ 24. Nxd5+ Kd8 25. Nc4 Bg8 26. Rhd1 Bxd5 27. Rxd5
Ke7 28. Rcd1 Nb8 29. Nd6 Rc7 30. Nb5 Rd7 31. Nxa7 Rxd5 32. exd5 Nd7 33. Nb5 Nb6
34. b3 Rd8 35. Ke4 f5+ 36. gxf5 Nd7 37. d6+ Kf7 38. Kd5 Kf6 39. Rg1 Kxf5 40.
Rxg7 Kf6 41. Re7 Kf5 42. a5 Kxf4 43. Rxd7 Rxd7 44. Ke6 Rd8 45. d7 Kg4 46. Nd6
1-0

[Event "Europa ch 2012 femenino"]
[Site "Gaziantep TUR"]
[Date "2012.03.05"]
[Round "4.24"]
[White "Coimbra, Margarida"]
[Black "Savina, Anastasia"]
[Result "1/2-1/2"]
[PlyCount "199"]
[EventDate "2012.03.02"]
[EventType "swiss"]
[EventRounds "11"]
[EventCountry "TUR"]
[Source "lmi"]
[SourceDate "2012.03.02"]
[WhiteElo "2156"]
[BlackElo "2325"]

1. e4 e5 2. Nf3 Nc6 3. d4 exd4 4. Nxd4 Nf6 5. Nxc6 bxc6 6. e5 Qe7 7. Qe2 Nd5 8.
c4 Nb6 9. Nc3 Bb7 10. Bd2 O-O-O 11. O-O-O g6 12. f4 Bg7 13. Qf2 d6 14. c5 dxc5
15. Be2 f6 16. exf6 Qxf6 17. Qxc5 Rhe8 18. Bf3 Bf8 19. Qg5 Qf7 20. f5 Kb8 21.
fxg6 hxg6 22. Be4 Rd6 23. Rhf1 Qg7 24. Bf4 Rxd1+ 25. Rxd1 Nd5 26. Nxd5 cxd5 27.
Bxd5 Re2 28. Bd2 Bb4 29. Bxb7 Bxd2+ 30. Rxd2 Rxd2 31. Qxd2 Kxb7 32. Qd5+ Kb8
33. a3 Qf6 34. Kb1 g5 35. h3 Qf4 36. Ka2 a5 37. Qxa5 Qc4+ 38. Kb1 Qd3+ 39. Kc1
Qf1+ 40. Kc2 Qxg2+ 41. Qd2 Qxh3 42. Qxg5 Qf1 43. Qd8+ Kb7 44. Qd3 Qf2+ 45. Kb3
Qb6+ 46. Ka2 Ka7 47. Qc4 Qa5 48. b4 Qe5 49. Kb3 Kb6 50. a4 Qe3+ 51. Qc3 Qe6+
52. Ka3 Qd5 53. a5+ Kb5 54. Qe3 Ka6 55. Qe2+ Qb5 56. Qe4 Ka7 57. Kb3 Qf1 58.
Qc4 Qd1+ 59. Kc3 Qc1+ 60. Kd4 Qf4+ 61. Kc3 Qc1+ 62. Kb3 Qb1+ 63. Ka4 Qd1+ 64.
Qb3 Qa1+ 65. Kb5 Qe5+ 66. Kc4 Qe6+ 67. Kc3 Qe3+ 68. Kb2 Qd2+ 69. Ka3 Qc1+ 70.
Qb2 Qc4 71. Qd2 Ka6 72. Qh6+ Kb7 73. Qe3 Ka6 74. Qb3 Qc1+ 75. Ka2 Qd2+ 76. Ka3
Qd5 77. Qc3 Kb5 78. Qe3 Ka6 79. Qe2+ Qb5 80. Qe4 Ka7 81. Kb3 Qf1 82. Qc4 Qd1+
83. Kc3 Qc1+ 84. Kd4 Qf4+ 85. Kc3 Qc1+ 86. Kb3 Qb1+ 87. Ka4 Qd1+ 88. Qb3 Qa1+
89. Kb5 Qe5+ 90. Kc4 Qe6+ 91. Kc3 Qe3+ 92. Kb2 Qd2+ 93. Ka3 Qc1+ 94. Qb2 Qc4
95. Qd2 Ka6 96. Qh6+ Kb7 97. Qe3 Ka6 98. Qb3 Qc1+ 99. Ka2 Qd2+ 100. Ka3 1/2-1/2

[Event "Europa ch 2012 femenino"]
[Site "Gaziantep TUR"]
[Date "2012.03.05"]
[Round "4.26"]
[White "Bezgodova, Svetlana"]
[Black "Dworakowska, Joanna"]
[Result "0-1"]
[PlyCount "70"]
[EventDate "2012.03.02"]
[EventType "swiss"]
[EventRounds "11"]
[EventCountry "TUR"]
[Source "lmi"]
[SourceDate "2012.03.02"]
[WhiteElo "2109"]
[BlackElo "2304"]

1. Nf3 Nf6 2. g3 d5 3. Bg2 c6 4. O-O Bf5 5. d3 e6 6. Nbd2 h6 7. b3 Be7 8. Bb2
O-O 9. c4 Bh7 10. a3 a5 11. Rc1 Re8 12. Rc2 c5 13. cxd5 exd5 14. Bxf6 gxf6 15.
a4 Nc6 16. Nb1 Ra6 17. Qc1 Bf8 18. Qf4 Rb6 19. Qg4+ Kh8 20. Nc3 Rxb3 21. Nd2
Rb4 22. Qh5 Re5 23. Qh3 Bf5 24. g4 Rxg4 25. e4 Rgxe4 26. Qxf5 Rxf5 27. dxe4 Rh5
28. Nxd5 f5 29. exf5 Rxf5 30. Ne3 Rh5 31. Ne4 Nd4 32. Rb2 Qh4 33. Rfb1 Qxh2+
34. Kf1 Nf5 35. Nd5 Nh4 0-1

[Event "Europa ch 2012 femenino"]
[Site "Gaziantep TUR"]
[Date "2012.03.05"]
[Round "4.27"]
[White "Borosova, Zuzana"]
[Black "Cherednichenko, Elena"]
[Result "1-0"]
[PlyCount "83"]
[EventDate "2012.03.02"]
[EventType "swiss"]
[EventRounds "11"]
[EventCountry "TUR"]
[Source "lmi"]
[SourceDate "2012.03.02"]
[WhiteElo "2302"]
[BlackElo "2130"]

1. e4 e5 2. Nf3 Nc6 3. Bc4 Bc5 4. c3 Nf6 5. d3 a6 6. Bb3 Ba7 7. O-O O-O 8. Nbd2
d6 9. Nc4 b5 10. Ne3 Ne7 11. h3 Ng6 12. Nh2 c6 13. Nhg4 Nf4 14. Nf5 N6h5 15. d4
Bxf5 16. exf5 exd4 17. f6 Ng6 18. fxg7 Nxg7 19. Nh6+ Kh8 20. Nxf7+ Rxf7 21.
Bxf7 Qf6 22. Bxg6 hxg6 23. Bd2 Rf8 24. cxd4 Bxd4 25. Bc3 Bxc3 26. bxc3 d5 27.
Rc1 Nf5 28. Rc2 Kh7 29. Re1 Nh4 30. Qd4 Qg5 31. Qg4 Qh6 32. Rce2 Nf5 33. Re6 c5
34. Rxa6 Qg7 35. Ree6 Nh6 36. Qxg6+ Qxg6 37. Rxg6 Nf7 38. Rgb6 d4 39. cxd4 cxd4
40. Rxb5 Rd8 41. Raa5 Rc8 42. Rd5 1-0

[Event "Europa ch 2012 femenino"]
[Site "Gaziantep TUR"]
[Date "2012.03.05"]
[Round "4.28"]
[White "Motycakova, Monika"]
[Black "Mamedjarova, Turkan"]
[Result "1-0"]
[PlyCount "121"]
[EventDate "2012.03.02"]
[EventType "swiss"]
[EventRounds "11"]
[EventCountry "TUR"]
[Source "lmi"]
[SourceDate "2012.03.02"]
[WhiteElo "2087"]
[BlackElo "2284"]

1. e4 e5 2. Nf3 Nc6 3. Bb5 a6 4. Ba4 Nf6 5. O-O Be7 6. Re1 b5 7. Bb3 d6 8. c3
O-O 9. h3 Nb8 10. d4 Nbd7 11. Nbd2 Bb7 12. Bc2 Re8 13. a4 c5 14. d5 Qc7 15. c4
b4 16. Nf1 Bf8 17. g4 a5 18. Ng3 Reb8 19. b3 Nb6 20. Kg2 Bc8 21. Nh4 g6 22. g5
Ne8 23. Nf3 Ra7 24. Nh2 f6 25. Ng4 Bg7 26. h4 Qd7 27. f3 Qe7 28. Nf2 Nd7 29.
Rh1 Nf8 30. Qe2 Qf7 31. Bd2 f5 32. exf5 gxf5 33. Rag1 Ng6 34. Qd3 e4 35. fxe4
f4 36. Nf5 Ne5 37. Qh3 f3+ 38. Kf1 Kh8 39. h5 Re7 40. g6 Bxf5 41. exf5 Qf6 42.
h6 Bxh6 43. Qxh6 Nxc4 44. bxc4 Qa1+ 45. Bd1 Nf6 46. Qf4 Re2 47. Qxf3 Rxd2 48.
Kg2 Qd4 49. Re1 Ng4 50. Rxh7+ Kg8 51. Rh8+ Qxh8 52. Qxg4 b3 53. Qe4 Qf6 54.
Bxb3 Rxb3 55. Qe8+ Kg7 56. Qe7+ Qxe7 57. Rxe7+ Kh6 58. Rh7+ Kg5 59. g7 Rb8 60.
Rh8 Rdb2 61. Rf8 1-0

[Event "Europa ch 2012 femenino"]
[Site "Gaziantep TUR"]
[Date "2012.03.05"]
[Round "4.29"]
[White "Drljevic, Ljilja"]
[Black "Tsiganova, Monika"]
[Result "1-0"]
[PlyCount "119"]
[EventDate "2012.03.02"]
[EventType "swiss"]
[EventRounds "11"]
[EventCountry "TUR"]
[Source "lmi"]
[SourceDate "2012.03.02"]
[WhiteElo "2278"]
[BlackElo "2185"]

1. e4 c5 2. d3 Nc6 3. g3 g6 4. Bg2 Bg7 5. f4 d6 6. Nf3 Nf6 7. O-O Nd4 8. c3
Nxf3+ 9. Qxf3 O-O 10. h3 Rb8 11. a4 b6 12. g4 Bb7 13. Qf2 Qc7 14. Nd2 Nd7 15.
Nc4 a6 16. Qh4 b5 17. axb5 axb5 18. Ne3 b4 19. Bd2 Bc6 20. Rac1 e6 21. f5 exf5
22. exf5 Bxg2 23. Nxg2 bxc3 24. bxc3 Rb2 25. Rcd1 Re8 26. Rf2 Qb7 27. g5 gxf5
28. Qh5 Ne5 29. Nf4 Ng6 30. Ng2 Qd5 31. Ne3 Rxe3 32. Bxe3 Rxf2 33. Kxf2 Bxc3
34. Qf3 Qa2+ 35. Kf1 Qh2 36. Qxf5 Nh4 37. Qg4 Qh1+ 38. Ke2 Qh2+ 39. Bf2 Qe5+
40. Qe4 Ng6 41. Qxe5 Bxe5 42. Kf3 Kg7 43. h4 h6 44. h5 Nf8 45. gxh6+ Kxh6 46.
Rh1 f5 47. Be3+ Kh7 48. Bf4 Ne6 49. Bxe5 dxe5 50. Re1 Ng5+ 51. Kg3 e4 52. dxe4
fxe4 53. Kg4 Kh6 54. Ra1 Nf3 55. Ra6+ Kh7 56. Re6 Nd2 57. h6 c4 58. Kh5 Nf1 59.
Re7+ Kg8 60. h7+ 1-0

[Event "Europa ch 2012 femenino"]
[Site "Gaziantep TUR"]
[Date "2012.03.05"]
[Round "4.30"]
[White "Chelushkina, Irina"]
[Black "De Seroux, Camille"]
[Result "1-0"]
[PlyCount "133"]
[EventDate "2012.03.02"]
[EventType "swiss"]
[EventRounds "11"]
[EventCountry "TUR"]
[Source "lmi"]
[SourceDate "2012.03.02"]
[WhiteElo "2263"]
[BlackElo "2122"]

1. Nf3 Nf6 2. g3 g6 3. Bg2 Bg7 4. O-O O-O 5. d4 d6 6. Nc3 c5 7. dxc5 dxc5 8.
Be3 Qa5 9. Nd2 Nbd7 10. h3 Rb8 11. Bf4 e5 12. Nc4 Qa6 13. Nxe5 Ra8 14. Nd3 Re8
15. a4 Nh5 16. Nb5 Nxf4 17. Nxf4 Be5 18. Nd3 Bb8 19. c4 Qe6 20. Qb3 h5 21. h4
Qe7 22. Nc3 Nf6 23. a5 Bd6 24. e4 Ng4 25. Nd5 Qd8 26. f4 f6 27. Nf2 Rb8 28. Qc3
Kg7 29. Nxg4 Bxg4 30. Rae1 Be6 31. Nxf6 Qxf6 32. e5 Bxe5 33. fxe5 Qe7 34. Rf6
Rf8 35. Bd5 Bf5 36. a6 bxa6 37. Rxa6 Rbc8 38. e6+ Kh7 39. Qe5 Rc7 40. Rea1 Kh6
41. Qf4+ Kg7 42. Qxc7 Qxc7 43. Rxa7 Rf7 44. Rxc7 Rxc7 45. Kf2 Kf6 46. Kf3 g5
47. hxg5+ Kxg5 48. Ra8 Re7 49. Ra6 Rh7 50. Rc6 Rb7 51. Rxc5 Rb3+ 52. Ke2 Rxb2+
53. Ke3 Rb3+ 54. Kf2 Rb2+ 55. Ke1 Kf6 56. Rc7 Bg4 57. Rf7+ Ke5 58. Rf4 Kd6 59.
Kf1 Rb1+ 60. Kg2 Re1 61. Kf2 Re2+ 62. Kf1 Re3 63. Rf8 Rxg3 64. Rd8+ Ke7 65.
Rd7+ Ke8 66. Bc6 Re3 67. Rd3+ 1-0

[Event "Europa ch 2012 femenino"]
[Site "Gaziantep TUR"]
[Date "2012.03.05"]
[Round "4.31"]
[White "Kazimova, Narmin"]
[Black "Uta, Adeline-Ramona"]
[Result "1-0"]
[PlyCount "143"]
[EventDate "2012.03.02"]
[EventType "swiss"]
[EventRounds "11"]
[EventCountry "TUR"]
[Source "lmi"]
[SourceDate "2012.03.02"]
[WhiteElo "2253"]
[BlackElo "2098"]

1. Nf3 g6 2. d4 Bg7 3. c4 Nf6 4. g3 O-O 5. Bg2 c6 6. Nc3 d6 7. O-O Qa5 8. e4 e5
9. h3 Nbd7 10. Be3 Re8 11. Qc2 exd4 12. Nxd4 Nb6 13. b3 Bd7 14. a3 Rad8 15.
Rfd1 Qh5 16. g4 Qe5 17. f4 Qe7 18. Bf2 h5 19. g5 Nh7 20. Rac1 Nf8 21. Qd3 Bc8
22. Re1 f6 23. h4 fxg5 24. hxg5 Ne6 25. Nxe6 Qxe6 26. a4 Rf8 27. Ne2 c5 28. a5
Na8 29. Rcd1 Nc7 30. Qg3 Qf7 31. Be3 Bg4 32. Rd2 Ne6 33. Rf1 Qc7 34. Bh3 Bxh3
35. Qxh3 Qe7 36. Qg2 Nc7 37. Rd3 Qe6 38. Ng3 Qg4 39. f5 Be5 40. Ne2 gxf5 41.
exf5 Rxf5 42. Qxg4 Rxf1+ 43. Kxf1 hxg4 44. Bxc5 Rf8+ 45. Bf2 Ne6 46. Kg2 a6 47.
Bg3 Rf5 48. Bxe5 dxe5 49. Kg3 Rxg5 50. Rd5 Kf7 51. Rd7+ Kg6 52. Rxb7 Nc5 53.
Rb6+ Kf5 54. b4 Nd3 55. c5 Rh5 56. Ng1 Rh1 57. Kg2 Rh7 58. c6 Nf4+ 59. Kf1 Nd5
60. Rb7 Rh6 61. b5 axb5 62. Rxb5 Ke4 63. Rc5 Rf6+ 64. Kg2 Rf7 65. Ne2 Ne3+ 66.
Kg3 Rf3+ 67. Kh4 Rf8 68. c7 Rc8 69. a6 Kf5 70. a7 Nf1 71. a8=Q Rxa8 72. c8=Q+
1-0